000
00196nam a2200097 4500
005
20250809101409.0
008
m
245
_a
Collins English Dictionary
300
_a
xxxvii, 1785p
942
_2
lcc
_c
BK
_n
0
999
_c
7252
_d
7252